01493nam a2200313 a 4500999001500000001000600015003000900021005001700030008004200047020001500089040003800104082001800142100002200160245008100182250001200263260003900275300004400314504005100358650001300409650001900422700003000441942001200471952011600483952011600599952011600715952011600831952011600947952011601063 c4155d415515147BD-DhUAP20201102145944.0201102s2005 bg a b 001 0 eng  a9843228367 aBD-DhUAPcBD-DhUAPbEngdBD-DhUAP00a512.5 CHO2231 aChowdury, Fatema.10aEssentials of number theory /cFatema Chowdury and Munibur Rahman Chowdhury. a1st ed. aDhaka :bPi Publications, cc2005. av, 224 pages :billustrations ;c24 cm. aIncludes bibliographical references and index. 0aAlgebra. 0aNumber theory.1 aChowdhury, Munibur Rahman 2ddccBK 00102ddc4070aUAPCLbUAPCLcGeneral Stacksd2020-11-02o512.5 CHOp3010015147r2020-11-02t1w2020-11-02yBK 00102ddc4070aUAPCLbUAPCLcGeneral Stacksd2020-11-02o512.5 CHOp3010015150r2020-11-02t2w2020-11-02yBK 00102ddc4070aUAPCLbUAPCLcGeneral Stacksd2020-11-02o512.5 CHOp3010015151r2020-11-02t3w2020-11-02yBK 00102ddc4070aUAPCLbUAPCLcGeneral Stacksd2020-11-02o512.5 CHOp3010015149r2020-11-02t4w2020-11-02yBK 00102ddc4070aUAPCLbUAPCLcGeneral Stacksd2020-11-02o512.5 CHOp3010015148r2020-11-02t5w2020-11-02yBK 00102ddc4070aUAPCLbUAPCLcGeneral Stacksd2020-11-10o512.5 CHOp3010015146r2020-11-10t6w2020-11-10yBK